000 00278nam a2200109Ia 4500
008 220120s9999||||xx |||||||||||||| ||und||
100 _aVerma H.C
_911761
245 0 _aConcepts of physics
260 _aBharath Bhavan
_bBangalore
_c2001
300 _a558p.
_b240
650 _aCIRCUIT
999 _c137126
_d137126